Beginning Spring /

Get up to speed quickly with this comprehensive guide to Spring Beginning Spring is the complete beginner's guide to Java's most popular framework. Written with an eye toward real-world enterprises, the book covers all aspects of application development within the Spring Framework. Extensi...

Full description

Bibliographic Details
Main Authors: Çalişkan, Mert (Author), Sevindik, Kenan (Author), Johnson, Rod (Author), Höller, Jũrgen (Author)
Corporate Author: Safari, an O'Reilly Media Company
Format: eBook
Language:English
Published: Wrox, 2015.
Edition:1st edition.
Subjects:
Online Access:Connect to this electronic resource

MARC

Tag First Indicator Second Indicator Subfields
LEADER 00000uam a2200000 a 4500
001 in00004145113
005 20260123214002.9
006 m o d
007 cr cn
008 231019s2015 xx o eng
020 |z 9781118892923 
020 |z 9781118893111 
035 |a (CaSebORM)9781118892923 
040 |d UtOrBLW 
041 0 |a eng 
100 1 |a Çalişkan, Mert,  |e author.  |0 http://id.loc.gov/authorities/names/no2015055957 
245 1 0 |a Beginning Spring /  |c Caliskan, Mert. 
250 |a 1st edition. 
264 1 |b Wrox,  |c 2015. 
300 |a 1 online resource (480 pages) 
336 |a text  |b txt  |2 rdacontent 
337 |a computer  |b c  |2 rdamedia 
338 |a online resource  |b cr  |2 rdacarrier 
347 |a text file 
520 |a Get up to speed quickly with this comprehensive guide to Spring Beginning Spring is the complete beginner's guide to Java's most popular framework. Written with an eye toward real-world enterprises, the book covers all aspects of application development within the Spring Framework. Extensive samples within each chapter allow developers to get up to speed quickly by providing concrete references for experimentation, building a skillset that drives successful application development by exploiting the full capabilities of Java's latest advances. Spring provides the exact toolset required to build an enterprise application, and has become the standard within the field. This book covers Spring 4.0, which contains support for Java 8 and Java EE 7. Readers begin with the basics of the framework, then go on to master the most commonly used tools and fundamental concepts inherent in any Spring project. The book emphasizes practicality and real-world application by addressing needs such as meeting customer demand and boosting productivity, and by providing actionable information that helps developers get the most out of the framework. Topics include: Dependency Injection and Inversion of Control Unit testing Spring enabled Web Applications Data Access using Spring JDBC and ORM support along with Transaction Management Building Web Applications and RESTful Web Services with Spring MVC Securing Web Applications using Spring Security Spring Expression Language with its Extensive Features Aspect Oriented Programming Facilities Provided by Spring AOP Caching with 3rd Party Cache Providers' Support The Best of the Breed: Spring 4.0 The information is organized and structured an ideal way for students and corporate training programs, and explanations about inner workings of the framework make it a handy desk reference even for experienced developers. For novices, Beginning Spring is invaluable as a comprehensive guide to the real-world functionality of Spring. 
533 |a Electronic reproduction.  |b Boston, MA :  |c Safari,  |n Available via World Wide Web.  |d 2015. 
538 |a Mode of access: World Wide Web. 
542 |f Copyright © 2015 by John Wiley & Sons  |g 2015 
588 |a Online resource; Title from title page (viewed February 17, 2015) 
500 |a Electronic resource. 
655 7 |a Electronic books.  |2 local 
700 1 |a Sevindik, Kenan,  |e author.  |0 http://id.loc.gov/authorities/names/no2015056091 
700 1 |a Johnson, Rod,  |e author.  |0 http://id.loc.gov/authorities/names/n81087339 
700 1 |a Höller, Jũrgen,  |e author.  |0 http://id.loc.gov/authorities/names/nb2006000931 
710 2 |a Safari, an O'Reilly Media Company. 
856 4 0 |u https://proxy.library.tamu.edu/login?url=https://go.oreilly.com/TAMU/library/view/-/9781118892923/?ar  |z Connect to this electronic resource  |t 0 
999 f f |s dfdd7aae-c017-3ef0-b8e1-f02ae29dc696  |i 721fd7ef-10a9-3341-90a3-f2eea8072273  |t 0 
952 f f |a Texas A&M University  |b College Station  |c Electronic Resources  |s www_evans  |d Available Online  |t 0  |h No information provided 
998 f f |t 0  |l Available Online